Report of the governing body of the International Labour Office upon the working of the convention concerning the rights of association and combination of agricultural workers. (Record no. 36093)

MARC details
000 -LEADER
fixed length control field 00972cam a22002411 4500
001 - CONTROL NUMBER
control field l 33000076
003 - CONTROL NUMBER IDENTIFIER
control field DLC
005 - DATE AND TIME OF LATEST TRANSACTION
control field 20260227111534.0
008 - FIXED-LENGTH DATA ELEMENTS--GENERAL INFORMATION
fixed length control field 850812s1933 sz 000 0 eng c
010 ## - LIBRARY OF CONGRESS CONTROL NUMBER
LC control number l 33000076
035 ## - SYSTEM CONTROL NUMBER
System control number (OCoLC)12375595
040 ## - CATALOGING SOURCE
Original cataloging agency Library, U.S. Dept. of Labor
Transcribing agency CLU
Modifying agency DLC
042 ## - AUTHENTICATION CODE
Authentication code premarc
050 00 - LIBRARY OF CONGRESS CALL NUMBER
Classification number HD7825.A3
Item number I5 1933
110 2# - MAIN ENTRY--CORPORATE NAME
Corporate name or jurisdiction name as entry element International Labour Office.
245 00 - TITLE STATEMENT
Title Report of the governing body of the International Labour Office upon the working of the convention concerning the rights of association and combination of agricultural workers.
260 ## - PUBLICATION, DISTRIBUTION, ETC.
Place of publication, distribution, etc. Geneva,
Name of publisher, distributor, etc. International Labour Office,
Date of publication, distribution, etc. 1933.
300 ## - PHYSICAL DESCRIPTION
Extent 13 p.
Dimensions 31 cm.
500 ## - GENERAL NOTE
General note At head of title: League of nations. International Labour Conference. Seventeenth session. Geneva, 1933.
650 #0 - SUBJECT ADDED ENTRY--TOPICAL TERM
Topical term or geographic name entry element Agricultural laborers.
650 #0 - SUBJECT ADDED ENTRY--TOPICAL TERM
Topical term or geographic name entry element Labor laws and legislation, International.
711 2# - ADDED ENTRY--MEETING NAME
Meeting name or jurisdiction name as entry element International Labor Conference.
Number of part/section/meeting 17th,
Location of meeting Geneva,
Date of meeting or treaty signing 1933.

No items available.

Powered by Koha